Spájame profesionalitu v poskytovaní služieb a moderné bankové prístupy s príjemným pocitom

Bibliographic Details
Format: Article
Language:Slovak
PhysicalDescription:Fotogr.
ISSN:1335-4051
Subjects:
Online Access:http://www.parlamentnykurier.sk/kur147a148-07/7.pdf

MARC

LEADER 00000nab a2200000 a 4500
001 vtls009004515
003 SK-MaSNL
005 20260303065639.0
008 140429c2007 xo |||||||||||000 b|slo
015 |a SNBRB2007/07  |2 snkbucl 
040 |a SNKBUCL  |b slo  |c SNKBUCL  |e AACR2 
041 0 |a slo 
044 |a xo  |c SK 
080 |a 336.712  |x ( 437.6)  |2 2001 
245 0 0 |a Spájame profesionalitu v poskytovaní služieb a moderné bankové prístupy s príjemným pocitom  |c [rozhovor s] Giannim Francom Papom 
300 |b Fotogr. 
610 2 7 |a UniCredit Bank (Slovensko)  |2 snkbucl  |9 157094 
700 1 |a Papa, Gianni Franco  |4 ive  |9 1065990 
773 0 |t Parlamentný kuriér  |g Roč. XV, č. CXLVII-CXLVIII (2007), s. 7  |x 1335-4051 
852 |a SNK  |b KIS3GCP 
856 4 1 |u http://www.parlamentnykurier.sk/kur147a148-07/7.pdf 
958 |a SK 
958 |a IT 
999 |c 1752043  |d 1753973